000 01012nam a22002897a 4500
003 CHAP
005 20220329140808.0
008 971013s1982 r 00010 d
010 _a57732
011 _a58704
035 _a62860
040 _cCHAP
090 _aTesis
100 0 0 _aAlcayde Orraca, Juan Carlos.
_93593
245 _aEstudio comparativo de los principales agentes etiológicos causantes de mastitis en la zona de La Laguna, ocurrencia de cuatro afectados y sensibilidad a los agentes quimioterápicos
260 _aMéxico, D. F. :
_bEl autor,
_c1982
300 _a31 h.
502 _aTesis (Médico Veterinario Zootecnista) -- UNAM. Facultad de Medicina Veterinaria y Zootecnia
590 _aALEPH
_b10
_c20130110
_lUCH01
_h1336
590 _aBATCH-UPD
_b10
_c20130110
_lUCH01
_h0535
590 _aCONVERSION
_b10
_c20130109
_lUCH01
_h1331
650 1 4 _aMastitis.
_972847
650 1 4 _aQuimioterapia.
_993326
901 _aBK
942 _cTESIS
949 _bBC
_cTES
_d-134778
_eTS1
_i62860
_si
999 _c57732
_d57732